Statistiques concernant Plus beaux garçons de l'IEP de Toulouse

Cliquez ici pour prendre le quiz!

Statistiques générales

  • Ce quiz a été pris 26 fois
  • Le résultat moyen est 7 sur 19

Statistiques - réponses

HintRéponse% Correct
On l'appelle le surfeurLouis
70%
Il est en couple avec Lise (désolé les filles)Antoine
55%
Le plus grand guetteur de FranceClément
50%
NAVAL ROMEROClément
50%
L'inventeur de la shitipaneAlexis
45%
Il est dans les critères d'HitlerMarin
40%
Coeur à prendre le plus beau de tousTitouan
40%
Dark SasukeCyprien
35%
Flop manElie
35%
Le canularisteDamien
30%
RappeurKosta
30%
Fils d'agriculteur et circoncis (jet très puissant)Rafael
30%
Il a quitté sa copine récemment il est tout à vousArthus
25%
Fils caché de NurmagomedovMati
25%
A déjà joué à la biscotteQuentin
25%
Penseur, politique, philosophe, orateur, très modesteVasco
25%
Loris GiulianoTimothée
20%
Aurait participé à Mai 68 et la révo d'octobreSolal
15%
Bavette d'aloyau et diamant sur LOLClément Kernen
10%

Distribution des résultats

Percentile par nombre de réponses

% des personnes avec chaque résultat

Votre développement - résultats

Vous n’avez pas pris ce quiz